000 01694cam a22003498i 4500
001 21827007
005 20230124100704.0
008 201202s2021 mdu b 001 0 eng
010 _a 2020054357
020 _a9781793638021
020 _z9781793638038
040 _aDLC
_beng
_erda
_cDLC
042 _apcc
050 0 0 _aQC902.9
_b.C67 2021
082 0 0 _a363.738/7452
_223
100 1 _aCorbett, Julia B.,
_eauthor.
245 1 0 _aCommunicating the climate crisis :
_bnew directions for facing what lies ahead /
_cJulia B. Corbett.
260 _aLanham, Maryland :
_bLexington Books,
_c2021
263 _a2102
300 _a x, 219 p. :
_f ill. (black and white) ;
_e23 cm
490 0 _aEnvironmental communication and nature : conflict and ecoculture in the anthropocene
504 _aIncludes bibliographical references and index.
520 _a"Communicating the Climate Crisis lays out fresh directions and strategies for creating a new story of hope through action-not as isolated and "guilty" consumers, but as social actors who use emotional resilience, climate conversations, justice, and faith to break the current social inertia and create a desired future"--
650 0 _aClimatic changes.
650 0 _aCommunication in climatology.
650 0 _aClimatic changes
_xPublic opinion.
650 0 _aClimate change mitigation.
776 0 8 _iOnline version:
_aCorbett, Julia B.
_tCommunicating the climate crisis
_dLanham : Lexington Books, [2021]
_z9781793638038
_w(DLC) 2020054358
906 _a7
_bcbc
_corignew
_d1
_eecip
_f20
_gy-gencatlg
942 _2lcc
_cBOOKS
_hQC902.9 .C67 2021
999 _c31523
_d31523